01496nam a2200349 i 450000100090000000300090000900500170001800800410003502000250007602000220010103500240012304000720014708200210021910000420024024500500028225000190033226400620035126400100041330000440042333600260046733700280049333800270052150000200054850502770056865000340084565300220087965500170090190600450091894200120096399900170097595201540099215605776EG-ScBUE20230302063742.0090130t2009 njua f 001 0 eng d a9780470399118 (pbk.) a0470399112 (pbk.) a(OCoLC)ocn302414604 aDLCbengerdacDLCdYDXCPdBTCTAdUKMdC#PdVP@dCDXdDLCdEG-ScBUE04a720.284222bCHI1 aChing, Francis D. K.,d1943-eauthor.10aArchitectural graphics /cFrancis D.K. Ching. aFifth edition. 1aHoboken, New Jersey :bJohn Wiley and Sons, Inc.,c[2009] 4cc2009 avi, 250 pages :billustrations ;c28 cm 2rdacontentatextbtxt 2rdamediaaunmediatedbn 2rdacarrieravolumebnc aIncludes index.0 aPreface -- Drawing tools and materials -- Architectural drafting -- Architectural drawing systems -- Multiview drawings -- Paraline drawings -- Perspective drawings -- Rendering tonal values -- Rendering context -- Architectural presentations -- Freehand drawing -- Index. 7aArchitectural drawing.2BUEsh bENGARCcMarch2023 vReading book a7bcbccorignewd1eecipf20gy-gencatlg 2ddccBB c30183d30154 00102ddc40708BaccahaMAINbMAINc2NDd2023-03-02ePurchaseg395.00h37238l0o720.284 CHIp000044824r2025-07-15 00:00:00v493.75w2023-03-02yBB